000 00635nam a2200253Ia 4500
001 20736
005 20240114000529.0
007 ta
008 060225s1962 a g b000 u 465 u
040 _aCotton College,Assam
041 _a465
082 _a330.9
_bM 697 Ec
100 _aMitra, J K.
245 0 _aEconomics /
_cJ. K. Mitra.
_hTextual Documents
250 _a3rd Rev ed. /
260 _aCalcutta :
_bThe World Press Pvt. ,
_c1962.
300 _aix,578 :
_bill ;
_c21cm .
504 _aIndex
653 _aEconomics
653 _aG-Economics
942 _2ddc
_cBK
999 _c20718
_d20718